00683nam a2200121Ia 4500008004100000020001800041100003000059245012100089260002700210650001200237650026000249856005200509171212s9999 xx 000 0 und d a9780833081902 aPayne, Leslie;Osburg, Jan cPayne, Leslie;Osburg, JanaLeveraging Observations of Security Force Assistance in Afghanistan for Global Operations bRAND Corporationc2013 aHistory aInternational Security Assistance Force (Afghanistan); Military assistance, American -- Afghanistan; United States -- Armed Forces -- Stability operations; Combined operations (Military science); Afghanistan. Afghan National Army; Internal security -- Afg uhttp://www.jstor.org/stable/10.7249/j.ctt5hhw82